000 00502pam a2200193 a 4500
020 _c95.00 (PB)
041 _aeng
_hNULL
082 _a618
_bDAL/PAT
100 _aPATEL , D .
245 _aGYNAECOOGICAL ENDOSCOPY /
_cNULL.
_hTextual Documents
260 _aNULL :
_bTHE NATIONAL BOOK DEPOT ,
_c1986.
300 _a162 :
_bXViii ;
_cA4 .
365 _a95.00
_e4
700 _aDALAL, B .
907 _a1344
_a1345
_a1346
_a1347
930 _a279
999 _c794815
_d794815
650 _aOBST.GYNE